[Event "LTU-chT (Women)"]
[Site "Vilnius"]
[Date "2017.03.19"]
[Round "7.1"]
[White "Klepeckaite, Radvile"]
[Black "Zaksaite, Salomeja"]
[Result "1/2-1/2"]
[WhiteElo "1749"]
[BlackElo "2289"]
[PlyCount "52"]
[EventDate "2017.01.28"]
[EventType "team-tourn"]
[EventRounds "7"]
[EventCountry "LTU"]
[SourceTitle "EXT 2018"]
[Source "ChessBase"]
[SourceDate "2017.10.13"]
[SourceVersion "1"]
[SourceVersionDate "2017.10.13"]
[SourceQuality "1"]
[WhiteTeam "Kaunas KTU (W)"]
[BlackTeam "Vilnius MRU (W)"]
[WhiteTeamCountry "LTU"]
[BlackTeamCountry "LTU"]

1. d4 d5 2. Nf3 Nf6 3. c4 dxc4 4. Nc3 a6 5. a4 e6 6. e3 c5 7. Bxc4 cxd4 8. exd4 Bb4 9. 0-0 0-0 10. Bg5 Nbd7 11. Qb3 Qa5 12. Rfd1 h6 13. Bf4 Nh5 14. Be3 Nb6 15. Be2 Nf6 16. Ne5 Rd8 17. Nc4 Nxc4 18. Bxc4 Bd7 19. d5 e5 20. d6 Be8 21. Nd5 Nxd5 22. Rxd5 b5 23. Qd1 Bxd6 24. axb5 Qb4 25. Ra4 Qxb2 26. Bc1 Qc3 1/2-1/2

[Event "LTU-chT (Women)"]
[Site "Vilnius"]
[Date "2017.02.18"]
[Round "3.1"]
[White "Klepeckaite, Radvile"]
[Black "Vanagaite, Giedre"]
[Result "0-1"]
[WhiteElo "1749"]
[BlackElo "2014"]
[PlyCount "106"]
[EventDate "2017.01.28"]
[EventType "team-tourn"]
[EventRounds "7"]
[EventCountry "LTU"]
[SourceTitle "EXT 2018"]
[Source "ChessBase"]
[SourceDate "2017.10.13"]
[SourceVersion "1"]
[SourceVersionDate "2017.10.13"]
[SourceQuality "1"]
[WhiteTeam "Kaunas KTU (W)"]
[BlackTeam "Kaunas Margiris (W) II"]
[WhiteTeamCountry "LTU"]
[BlackTeamCountry "LTU"]

1. d4 Nf6 2. c4 g6 3. Nc3 d5 4. Bg5 Ne4 5. Bh4 Nxc3 6. bxc3 dxc4 7. Qa4+ Qd7 8. Qxc4 b6 9. Bg3 c5 10. Nf3 Ba6 11. Qb3 Nc6 12. Ne5 Nxe5 13. Bxe5 f6 14. Bg3 cxd4 15. cxd4 Qxd4 16. Rd1 Qc4 17. e3 Qxb3 18. axb3 Bxf1 19. Rxf1 e6 20. Ke2 Bc5 21. Rd3 Ke7 22. Ra1 a5 23. Rad1 Rhd8 24. Rxd8 Rxd8 25. Rxd8 Kxd8 26. Kd3 Kd7 27. Bh4 g5 28. Bg3 Bd6 29. f4 b5 30. Be1 gxf4 31. Bxa5 fxe3 32. g3 Bc5 33. Bc3 Ke7 34. Ke4 Kf7 35. Kf4 Ke7 36. Ke4 b4 37. Be1 h5 38. h3 Kd6 39. g4 f5+ 40. gxf5 exf5+ 41. Kxf5 Kd5 42. Kg5 Ke4 43. Kxh5 Kd3 44. Kg4 Ke2 45. Bg3 Kf1 46. Kf3 e2 47. Bh4 Bd4 48. Bg3 e1Q 49. Bxe1 Kxe1 50. Ke4 Bh8 51. Kd3 Kd1 52. h4 Kc1 53. Kc4 Bc3 0-1

[Event "LTU-chT (Women)"]
[Site "Vilnius"]
[Date "2017.01.28"]
[Round "1.1"]
[White "Kiseleva, Simona"]
[Black "Klepeckaite, Radvile"]
[Result "1-0"]
[WhiteElo "2214"]
[BlackElo "1749"]
[PlyCount "93"]
[EventDate "2017.01.28"]
[EventType "team-tourn"]
[EventRounds "7"]
[EventCountry "LTU"]
[SourceTitle "EXT 2018"]
[Source "ChessBase"]
[SourceDate "2017.10.13"]
[SourceVersion "1"]
[SourceVersionDate "2017.10.13"]
[SourceQuality "1"]
[WhiteTeam "VSK (W)"]
[BlackTeam "Kaunas KTU (W)"]
[WhiteTeamCountry "LTU"]
[BlackTeamCountry "LTU"]

1. d4 d5 2. c4 c6 3. Nf3 Nf6 4. Nc3 Nbd7 5. e3 e6 6. Qc2 Bd6 7. Bd3 0-0 8. 0-0 Re8 9. Rd1 Qc7 10. b3 e5 11. cxd5 cxd5 12. Nb5 Qxc2 13. Bxc2 Bb8 14. Ba3 e4 15. Nd2 Re6 16. Rdc1 a6 17. Bd1 Bxh2+ 18. Kxh2 axb5 19. Bb4 Nf8 20. Be2 Bd7 21. Nb1 h5 22. Nc3 Ng4+ 23. Kg1 Rf6 24. Nxd5 Rh6 25. Rc7 Be6 26. Ne7+ Kh7 27. d5 Bd7 28. a3 Rf6 29. Rf1 b6 30. Bd1 Rd8 31. Bc2 Be8 32. Bxe4+ Kh8 33. Nf5 Nd7 34. Be7 Ra8 35. Rfc1 Nc5 36. Bxf6 Nxf6 37. Bf3 Bd7 38. Nd4 Nd3 39. Rd1 Ne5 40. Nc6 Nxf3+ 41. gxf3 Rxa3 42. Ne5 Bf5 43. e4 Nxe4 44. fxe4 Bxe4 45. Nxf7+ Kg8 46. Ng5 Bf5 47. d6 1-0

[Event "Palanga Baltija op-A"]
[Site "Palanga"]
[Date "2014.06.20"]
[Round "7"]
[White "Sjostrand, Joel"]
[Black "Klepeckaite, Radvile"]
[Result "0-1"]
[WhiteElo "1959"]
[BlackElo "1710"]
[PlyCount "40"]
[EventDate "2014.06.16"]
[EventType "swiss"]
[EventRounds "9"]
[EventCountry "LTU"]
[SourceTitle "CBM 161 Extra"]
[Source "ChessBase"]
[SourceDate "2014.08.29"]
[SourceVersion "1"]
[SourceVersionDate "2014.08.29"]
[SourceQuality "1"]

1. f4 e5 2. fxe5 d6 3. e4 dxe5 4. Nf3 Bd6 5. Bc4 Bg4 6. 0-0 Nf6 7. d3 h6 8. Qe1 Nbd7 9. Nc3 c6 10. Ne2 Qe7 11. Ng3 0-0-0 12. a3 Be6 13. Bxe6 fxe6 14. b4 g5 15. b5 c5 16. Nd2 h5 17. Nc4 h4 18. Bxg5 hxg3 19. Nxd6+ Qxd6 20. Bxf6 Qd4+ 0-1

[Event "Palanga Baltija op-A"]
[Site "Palanga"]
[Date "2014.06.19"]
[Round "6"]
[White "Klepeckaite, Radvile"]
[Black "Buzas, Narvydas"]
[Result "1-0"]
[WhiteElo "1710"]
[BlackElo "1828"]
[PlyCount "99"]
[EventDate "2014.06.16"]
[EventType "swiss"]
[EventRounds "9"]
[EventCountry "LTU"]
[SourceTitle "CBM 161 Extra"]
[Source "ChessBase"]
[SourceDate "2014.08.29"]
[SourceVersion "1"]
[SourceVersionDate "2014.08.29"]
[SourceQuality "1"]

1. d4 d5 2. Nf3 Nf6 3. c4 c6 4. Nc3 a6 5. e3 Bg4 6. Qb3 b6 7. Ne5 e6 8. Bd3 Qc7 9. 0-0 Bd6 10. f4 Bh5 11. Bd2 Bg6 12. Qc2 dxc4 13. Nxc4 Bxd3 14. Qxd3 b5 15. Nxd6+ Qxd6 16. a4 b4 17. Ne4 Nxe4 18. Qxe4 a5 19. f5 Nd7 20. Qg4 g6 21. fxe6 Qxe6 22. Qf3 0-0 23. e4 f5 24. e5 Nb6 25. b3 Rfd8 26. Qe3 Rd7 27. Rac1 Rad8 28. Qg5 Rc8 29. Be3 Qxb3 30. Rxf5 Nd5 31. Rf3 Nxe3 32. Rxe3 Qb2 33. Rce1 Qxd4 34. Kh1 Re8 35. e6 Rde7 36. Qxa5 Qd6 37. h3 Rb8 38. Rb3 Rxe6 39. Rxe6 Qxe6 40. Rb1 Qd6 41. Qg5 c5 42. a5 c4 43. a6 Qxa6 44. Qd5+ Kg7 45. Qe5+ Kh6 46. Qxb8 b3 47. Qf4+ g5 48. Qf8+ Kg6 49. Rd1 Qa2 50. Rd6+ 1-0

[Event "LTU-ch U18 Girls"]
[Site "Panevezys"]
[Date "2014.03.25"]
[Round "1"]
[White "Klepeckaite, Radvile"]
[Black "Vanagaite, Giedre"]
[Result "0-1"]
[WhiteElo "1693"]
[BlackElo "2016"]
[PlyCount "88"]
[EventDate "2014.03.25"]
[EventType "tourn"]
[EventRounds "9"]
[EventCountry "LTU"]
[SourceTitle "EXT 2016"]
[Source "ChessBase"]
[SourceDate "2015.10.08"]
[SourceVersion "1"]
[SourceVersionDate "2015.10.08"]
[SourceQuality "1"]

1. d4 Nf6 2. c4 g6 3. Nc3 d5 4. Bg5 Ne4 5. Bh4 Nxc3 6. bxc3 Bg7 7. e3 c5 8. Qb3 cxd4 9. exd4 dxc4 10. Bxc4 0-0 11. Nf3 Nc6 12. Qa3 Qc7 13. Bg3 Nxd4 14. Bxf7+ Rxf7 15. cxd4 Qc4 16. Rc1 Qb5 17. Qc5 Qa6 18. Qc4 Qa5+ 19. Qc3 Qxa2 20. 0-0 Bf5 21. Qc7 e5 22. Qc5 exd4 23. Nxd4 Rc8 24. Qb4 Rxc1 25. Rxc1 Qd5 26. Nxf5 Qxf5 27. h3 h6 28. Qa4 b5 29. Qb3 Kh7 30. Rc6 a5 31. Rb6 b4 32. Qa4 Bd4 33. Rb5 Bxf2+ 34. Bxf2 Qxf2+ 35. Kh1 Qf1+ 36. Kh2 Qf4+ 37. Kh1 Qc1+ 38. Kh2 Qc7+ 39. Kg1 Qc1+ 40. Kh2 Qf4+ 41. Kg1 Rc7 42. g4 Qd2 43. Rb7 Rxb7 44. Qc6 Qe3+ 0-1

[Event "EU-ch U18 Girls 23rd"]
[Site "Budva"]
[Date "2013.10.08"]
[Round "9"]
[White "Klepeckaite, Radvile"]
[Black "Ratsma, Rosa"]
[Result "0-1"]
[WhiteElo "1716"]
[BlackElo "1870"]
[PlyCount "94"]
[EventDate "2013.09.29"]
[EventType "swiss"]
[EventRounds "9"]
[EventCountry "MNE"]
[SourceTitle "CBM 156 Extra"]
[Source "ChessBase"]
[SourceDate "2013.10.22"]
[SourceVersion "1"]
[SourceVersionDate "2013.10.22"]
[SourceQuality "1"]

1. d4 Nf6 2. c4 g6 3. Nc3 Bg7 4. e4 d6 5. f3 0-0 6. Be3 e5 7. d5 Nh5 8. g4 Nf4 9. h4 f5 10. gxf5 gxf5 11. Qd2 fxe4 12. Nxe4 Nd7 13. Ne2 Nf6 14. 0-0-0 N6h5 15. N2g3 Nxg3 16. Nxg3 Kh8 17. Be2 Bh6 18. Rdg1 Qf6 19. Ne4 Nxe2+ 20. Qxe2 Bxe3+ 21. Qxe3 Qxf3 22. Qxf3 Rxf3 23. Rf1 Bg4 24. Ng5 Rff8 25. Rhg1 h5 26. Ne4 Rxf1+ 27. Rxf1 Kg7 28. Ng5 Rf8 29. Rxf8 Kxf8 30. Kd2 Ke7 31. Ke3 c6 32. Ne4 Bf5 33. Ng3 Bg6 34. Ne2 cxd5 35. cxd5 Kd7 36. Kd2 b5 37. a3 a6 38. b4 Be4 39. Nc3 Bh1 40. Ke3 Ke7 41. Kf2 Kf6 42. Kg1 Bf3 43. Kf2 e4 44. a4 bxa4 45. Nxa4 Ke5 46. Nb6 Kd4 47. Ke1 e3 0-1

[Event "EU-ch U18 Girls 23rd"]
[Site "Budva"]
[Date "2013.10.07"]
[Round "8"]
[White "Gulay, Ayca Nuriye"]
[Black "Klepeckaite, Radvile"]
[Result "1-0"]
[WhiteElo "1634"]
[BlackElo "1716"]
[PlyCount "35"]
[EventDate "2013.09.29"]
[EventType "swiss"]
[EventRounds "9"]
[EventCountry "MNE"]
[SourceTitle "CBM 156 Extra"]
[Source "ChessBase"]
[SourceDate "2013.10.22"]
[SourceVersion "1"]
[SourceVersionDate "2013.10.22"]
[SourceQuality "1"]

1. d4 d5 2. c4 c6 3. Nf3 Nf6 4. Nc3 e6 5. e3 Nbd7 6. Qc2 Bd6 7. Be2 0-0 8. 0-0 dxc4 9. Bxc4 e5 10. Bb3 exd4 11. exd4 h6 12. Bxh6 gxh6 13. Qg6+ Kh8 14. Qxh6+ Kg8 15. Ng5 Bf4 16. Nce4 a5 17. Qg6+ Kh8 18. Bxf7 1-0

[Event "EU-ch U18 Girls 23rd"]
[Site "Budva"]
[Date "2013.09.30"]
[Round "2"]
[White "Klepeckaite, Radvile"]
[Black "Roy, Ali"]
[Result "0-1"]
[WhiteElo "1716"]
[BlackElo "1889"]
[PlyCount "83"]
[EventDate "2013.09.29"]
[EventType "swiss"]
[EventRounds "9"]
[EventCountry "MNE"]
[SourceTitle "CBM 156 Extra"]
[Source "ChessBase"]
[SourceDate "2013.10.22"]
[SourceVersion "1"]
[SourceVersionDate "2013.10.22"]
[SourceQuality "1"]

1. d4 Nf6 2. c4 g6 3. Nc3 Bg7 4. e4 0-0 5. f3 d6 6. Be3 Nc6 7. Qd2 a6 8. h4 h5 9. Be2 e5 10. d5 Ne7 11. Bh6 Bd7 12. Nh3 Rb8 13. a4 c6 14. Bxg7 Kxg7 15. Nf2 cxd5 16. Nxd5 Nexd5 17. cxd5 b5 18. axb5 Bxb5 19. Bxb5 axb5 20. Ra6 Rb6 21. Qa5 Nd7 22. Nd3 Rxa6 23. Qxa6 Qb6 24. Qxb6 Nxb6 25. b3 Ra8 26. Nc1 f5 27. g4 hxg4 28. exf5 gxf5 29. fxg4 fxg4 30. Rg1 Nxd5 31. Rxg4+ Kh6 32. Kd2 Kh5 33. Re4 Rg8 34. Ne2 Rg4 35. Rxg4 Kxg4 36. Nc1 Kxh4 37. Kd3 Kg4 38. Ke4 Nf6+ 39. Ke3 Nd5+ 40. Ke2 Kf5 41. b4 Ke6 42. Nd3 0-1

[Event "Panevezys op-B 26th"]
[Site "Panevezys"]
[Date "2013.08.17"]
[Round "7"]
[White "Ramanauskas, Leonas"]
[Black "Klepeckaite, Radvile"]
[Result "1-0"]
[WhiteElo "1758"]
[BlackElo "1723"]
[PlyCount "83"]
[EventDate "2013.08.12"]
[EventType "swiss"]
[EventRounds "8"]
[EventCountry "LTU"]
[SourceTitle "CBM 155 Extra"]
[Source "ChessBase"]
[SourceDate "2013.08.26"]
[SourceVersion "1"]
[SourceVersionDate "2013.08.26"]
[SourceQuality "1"]

1. e4 e5 2. Nf3 Nc6 3. Bb5 a6 4. Ba4 Nf6 5. 0-0 b5 6. Bb3 d6 7. d3 Bg4 8. Be3 Na5 9. c3 Nxb3 10. axb3 c5 11. Nbd2 Be7 12. Qc2 0-0 13. h3 Bd7 14. Nh2 Ne8 15. f4 f5 16. fxe5 dxe5 17. exf5 Bxf5 18. Ne4 c4 19. bxc4 bxc4 20. Rxf5 Rxf5 21. dxc4 Rf8 22. Ng4 Qc7 23. c5 Qb8 24. b4 Bd8 25. Qd3 Nf6 26. Ng5 e4 27. Qc4+ Kh8 28. Nf7+ Rxf7 29. Qxf7 Ng8 30. Bd4 Bf6 31. Nxf6 Nxf6 32. Bxf6 gxf6 33. Qxf6+ Kg8 34. Qe6+ Kh8 35. Qxe4 Ra7 36. Qd4+ Kg8 37. Rxa6 Rxa6 38. Qc4+ Kh8 39. Qxa6 Qe5 40. Qc8+ Kg7 41. Qd7+ Kg8 42. Qd4 1-0

[Event "Palanga op"]
[Site "Palanga"]
[Date "2013.06.22"]
[Round "9"]
[White "Klepeckaite, Radvile"]
[Black "Dubova, Anna"]
[Result "1-0"]
[WhiteElo "1711"]
[BlackElo "1784"]
[PlyCount "91"]
[EventDate "2013.06.17"]
[EventType "swiss"]
[EventRounds "9"]
[EventCountry "LTU"]
[SourceTitle "EXT 2014"]
[Source "ChessBase"]
[SourceDate "2013.11.20"]
[SourceVersion "1"]
[SourceVersionDate "2013.11.20"]
[SourceQuality "1"]

1. d4 Nf6 2. c4 g6 3. Nc3 d5 4. Nf3 Bg7 5. e3 0-0 6. Bd3 Nc6 7. a3 a5 8. 0-0 Rb8 9. Rb1 Bg4 10. h3 Bxf3 11. Qxf3 dxc4 12. Bxc4 e5 13. d5 Ne7 14. b4 axb4 15. Rxb4 Re8 16. e4 Nc8 17. Be3 b6 18. Nb5 Qd7 19. Bg5 Nd6 20. Bxf6 Bxf6 21. Qxf6 Nxc4 22. Rxc4 Qxb5 23. Rxc7 Rf8 24. Qxe5 Qe2 25. Rfc1 Rbe8 26. Re7 Ra8 27. Ra1 Qd3 28. Qg3 Qd4 29. Qe5 Qc4 30. Rc7 Qd3 31. Rc3 Qe2 32. Re3 Qc2 33. Qc3 Qa4 34. Qb3 Qd4 35. Rd1 Qc5 36. Rc3 Qe7 37. Re3 Rab8 38. e5 Rfe8 39. e6 Qd6 40. exf7+ Kxf7 41. Rf3+ Kg7 42. Qc3+ Qe5 43. Qc6 Red8 44. Re3 Qd6 45. Qc3+ Qf6 46. Re7+ 1-0

[Event "Palanga op"]
[Site "Palanga"]
[Date "2013.06.18"]
[Round "3"]
[White "Klepeckaite, Radvile"]
[Black "Ceponis, Tadas"]
[Result "0-1"]
[WhiteElo "1711"]
[BlackElo "1942"]
[PlyCount "92"]
[EventDate "2013.06.17"]
[EventType "swiss"]
[EventRounds "9"]
[EventCountry "LTU"]
[SourceTitle "EXT 2014"]
[Source "ChessBase"]
[SourceDate "2013.11.20"]
[SourceVersion "1"]
[SourceVersionDate "2013.11.20"]
[SourceQuality "1"]

1. d4 d5 2. Nf3 Nf6 3. c4 c6 4. Nc3 a6 5. e3 b5 6. cxd5 cxd5 7. Bd3 Bg4 8. 0-0 e6 9. b3 Be7 10. Bb2 0-0 11. Rc1 Nbd7 12. Nb1 Nb6 13. Nbd2 Bb4 14. Qc2 Rc8 15. Qb1 Qe7 16. Rxc8 Rxc8 17. Rc1 Qb7 18. Rxc8+ Nxc8 19. Qc1 Nd7 20. Qc2 g6 21. Bc3 Bf8 22. h3 Bf5 23. Bxf5 gxf5 24. Ba5 Bd6 25. Bc3 Ne7 26. Ne1 Ng6 27. Bb2 a5 28. Ndf3 b4 29. Nd3 f6 30. Nde1 Ne7 31. Nh4 Nc8 32. Qe2 Nf8 33. Qh5 Qf7 34. Qe2 Qb7 35. Qh5 Qc6 36. Qe2 Ng6 37. Nxg6 hxg6 38. h4 Ne7 39. h5 Kg7 40. hxg6 Nxg6 41. Qh5 a4 42. g4 a3 43. gxf5 exf5 44. Bxa3 bxa3 45. Qxf5 Qc1 46. Qd7+ Be7 0-1

[Event "Palanga op"]
[Site "Palanga"]
[Date "2013.06.17"]
[Round "1"]
[White "Zaksaite, Salomeja"]
[Black "Klepeckaite, Radvile"]
[Result "1-0"]
[WhiteElo "2173"]
[BlackElo "1711"]
[PlyCount "71"]
[EventDate "2013.06.17"]
[EventType "swiss"]
[EventRounds "9"]
[EventCountry "LTU"]
[SourceTitle "EXT 2014"]
[Source "ChessBase"]
[SourceDate "2013.11.20"]
[SourceVersion "1"]
[SourceVersionDate "2013.11.20"]
[SourceQuality "1"]

1. e4 e5 2. Nf3 Nc6 3. Bb5 a6 4. Ba4 Nf6 5. 0-0 d6 6. d4 b5 7. Bb3 Bg4 8. c3 g6 9. Bg5 Bg7 10. Bd5 Qd7 11. Bxc6 Qxc6 12. Bxf6 Bxf6 13. Nxe5 dxe5 14. Qxg4 0-0 15. d5 Qb6 16. Nd2 Rad8 17. Rfd1 Bg7 18. Qe2 f5 19. c4 Kh8 20. Rac1 Bh6 21. c5 Qf6 22. f3 Rd7 23. Rc2 Bxd2 24. Rcxd2 f4 25. b4 Rb8 26. d6 c6 27. Ra1 Ra8 28. a4 Qd8 29. Rda2 Rb7 30. axb5 Rxb5 31. Qb2 Qe8 32. Rxa6 Rab8 33. d7 Qe7 34. Rxc6 Rxb4 35. Rc8+ Kg7 36. Qxb4 1-0

[Event "LTU-ch U18 Girls"]
[Site "Panevezys"]
[Date "2013.03.24"]
[Round "3"]
[White "Klepeckaite, Radvile"]
[Black "Sabatina, Emilija"]
[Result "1-0"]
[WhiteElo "1648"]
[BlackElo "1703"]
[PlyCount "113"]
[EventDate "2013.03.23"]
[EventType "tourn"]
[EventRounds "10"]
[EventCountry "LTU"]
[SourceTitle "EXT 2022"]
[Source "ChessBase"]
[SourceDate "2021.10.06"]
[SourceVersion "1"]
[SourceVersionDate "2021.10.06"]
[SourceQuality "1"]

1. d4 d5 2. Nf3 Nf6 3. c4 c6 4. Nc3 Bf5 5. cxd5 cxd5 6. Qb3 Bc8 7. Qb5+ Nc6 8. Ne5 Bd7 9. Qxb7 Nxd4 10. Nxd7 Nxd7 11. Nxd5 Rc8 12. Ne3 Rc7 13. Qd5 Nc6 14. g3 e6 15. Qd1 Bc5 16. a3 0-0 17. Bg2 Nf6 18. 0-0 Bb6 19. Nc4 Rd7 20. Qa4 Nd4 21. Re1 Nf5 22. Nxb6 Qxb6 23. e3 Rfd8 24. b4 Nd6 25. Bc6 Rc7 26. Bg2 Nb5 27. Rd1 Rdc8 28. Bd2 Rc2 29. Rac1 Rxc1 30. Rxc1 Rxc1+ 31. Bxc1 h6 32. Qb3 Qc7 33. Bb2 Nd7 34. a4 Nd6 35. Qc3 Qxc3 36. Bxc3 Nb6 37. a5 Nd5 38. Bd4 Nb5 39. Bc5 f6 40. Bf1 Ndc7 41. Bc4 Kf7 42. Kf1 g6 43. Ke2 Ke8 44. Kd3 Kd7 45. e4 Kc6 46. Be7 f5 47. exf5 gxf5 48. Bb3 Nd5 49. Bf8 Nd6 50. Bxd5+ Kxd5 51. Bxd6 Kxd6 52. Kc4 a6 53. b5 e5 54. bxa6 Kc6 55. a7 Kb7 56. Kd5 Kxa7 57. Kxe5 1-0

[Event "Wch U16 Girls"]
[Site "Maribor"]
[Date "2012.11.16"]
[Round "9.49"]
[White "Amra, Tasnim"]
[Black "Klepeckaite, Radvile"]
[Result "0-1"]
[WhiteElo "1574"]
[BlackElo "1635"]
[PlyCount "114"]
[EventDate "2012.11.08"]
[EventType "swiss"]
[EventRounds "11"]
[EventCountry "SLO"]
[SourceTitle "EXT 2013"]
[Source "ChessBase"]
[SourceDate "2012.11.22"]
[SourceVersion "1"]
[SourceVersionDate "2012.11.22"]
[SourceQuality "1"]

1. e4 e5 2. Nf3 Nc6 3. Bc4 Bc5 4. c3 Nf6 5. d3 h6 6. b4 Bd6 7. 0-0 0-0 8. Nbd2 Ne7 9. Nh4 c6 10. a4 Bc7 11. Re1 d5 12. Bb3 Ng6 13. Nxg6 fxg6 14. h3 Kh8 15. Qe2 g5 16. g4 a5 17. b5 Bb6 18. Nf3 Nxg4 19. d4 exd4 20. cxd4 dxe4 21. Qxe4 Nf6 22. Qd3 Nd5 23. Ne5 Bf5 24. Qd2 Qf6 25. Ba3 Rfe8 26. bxc6 bxc6 27. Rac1 Rac8 28. Kh2 Nf4 29. Red1 Nxh3 30. Nf7+ Kh7 31. Nd6 Bc7 32. Rxc6 Re6 33. Bxe6 Bxe6 34. Rxc7 Rxc7 35. Ne8 Qd8 36. Qd3+ Kh8 37. Nxc7 Qxc7+ 38. Qg3 Qc2 39. Re1 Bf5 40. Re5 Nxf2 41. Rxa5 Ne4+ 42. Qg2 Qc7+ 43. Re5 Nf6 44. Kg1 Qd7 45. Bc5 Bd3 46. a5 Qa4 47. Qd2 Be4 48. Qe1 Qc2 49. Qf2 Qd1+ 50. Qf1 Qg4+ 51. Kf2 Qf3+ 52. Ke1 Qc3+ 53. Kf2 Ng4+ 54. Ke2 Bd3+ 55. Kd1 Bxf1 56. Re8+ Kh7 57. a6 Nf2# 0-1

[Event "Wch U16 Girls"]
[Site "Maribor"]
[Date "2012.11.14"]
[Round "7.45"]
[White "Klepeckaite, Radvile"]
[Black "Rodsmoen, Maud"]
[Result "0-1"]
[WhiteElo "1635"]
[BlackElo "1747"]
[PlyCount "68"]
[EventDate "2012.11.08"]
[EventType "swiss"]
[EventRounds "11"]
[EventCountry "SLO"]
[SourceTitle "EXT 2013"]
[Source "ChessBase"]
[SourceDate "2012.11.22"]
[SourceVersion "1"]
[SourceVersionDate "2012.11.22"]
[SourceQuality "1"]

1. e4 c6 2. Nc3 d5 3. Nf3 Bg4 4. h3 Bxf3 5. Qxf3 e6 6. d4 Nf6 7. e5 Nfd7 8. Qg4 c5 9. Bb5 a6 10. Bxd7+ Nxd7 11. 0-0 cxd4 12. Qxd4 Rc8 13. Kh1 Rc4 14. Qa7 Qc8 15. Be3 Nxe5 16. Qb6 Rb4 17. Qa5 Nc4 18. Qxb4 Bxb4 19. Bg5 0-0 20. Ne2 Nxb2 21. c3 Bd6 22. Rab1 Nc4 23. Rb3 h6 24. Bc1 Qc7 25. f4 b5 26. Rb1 Ba3 27. Bxa3 Nxa3 28. Rbc1 Nc4 29. Nd4 Qa5 30. Rf2 Qa3 31. Nb3 a5 32. Rcf1 Nd6 33. Rc2 Rc8 34. Rfc1 Ne4 0-1

[Event "Wch U16 Girls"]
[Site "Maribor"]
[Date "2012.11.11"]
[Round "4.16"]
[White "Dragieva, Denitza"]
[Black "Klepeckaite, Radvile"]
[Result "1-0"]
[WhiteElo "2027"]
[BlackElo "1635"]
[PlyCount "41"]
[EventDate "2012.11.08"]
[EventType "swiss"]
[EventRounds "11"]
[EventCountry "SLO"]
[SourceTitle "EXT 2013"]
[Source "ChessBase"]
[SourceDate "2012.11.22"]
[SourceVersion "1"]
[SourceVersionDate "2012.11.22"]
[SourceQuality "1"]

1. d4 d5 2. Nf3 Nf6 3. Bf4 c5 4. e3 Nc6 5. Be2 Bg4 6. 0-0 cxd4 7. exd4 Bxf3 8. Bxf3 Qb6 9. c4 Qxb2 10. cxd5 Nxd4 11. Nd2 g5 12. Be5 Nxf3+ 13. Nxf3 Qb5 14. Rb1 Qd7 15. Bxf6 exf6 16. Re1+ Kd8 17. Qd4 Rg8 18. Qxf6+ Be7 19. Qxf7 Re8 20. Nd4 a6 21. Rbc1 1-0

[Event "Birzai-ch"]
[Site "Birzai"]
[Date "2011.11.28"]
[Round "7"]
[White "Klepeckaite, Radvile"]
[Black "Cerencova, Emilija"]
[Result "1-0"]
[WhiteElo "1596"]
[BlackElo "1889"]
[PlyCount "57"]
[EventDate "2011.11.07"]
[EventType "swiss"]
[EventRounds "9"]
[EventCountry "LTU"]
[SourceTitle "EXT 2013"]
[Source "ChessBase"]
[SourceDate "2012.11.22"]
[SourceVersion "1"]
[SourceVersionDate "2012.11.22"]
[SourceQuality "1"]

1. d4 d5 2. Nf3 Nf6 3. c4 c6 4. e3 e6 5. Nc3 Nbd7 6. Qc2 Bb4 7. Bd2 0-0 8. a3 Bd6 9. Be2 dxc4 10. Bxc4 b5 11. Bd3 a6 12. Ne4 Nxe4 13. Bxe4 Nf6 14. Bxc6 Ra7 15. 0-0 Qb6 16. Be4 Bb7 17. Bxb7 Qxb7 18. Rfc1 Ne4 19. Ba5 f5 20. Qc6 Qf7 21. Ne5 Qe7 22. f3 Nd2 23. Bxd2 a5 24. Qxb5 Rb7 25. Qxa5 Rxb2 26. Nc4 Rfb8 27. Nxb2 Rxb2 28. Rc8+ Kf7 29. d5 1-0

[Event "Birzai-ch"]
[Site "Birzai"]
[Date "2011.11.07"]
[Round "1"]
[White "Klepeckaite, Radvile"]
[Black "Dilys, Domantas"]
[Result "1-0"]
[WhiteElo "1596"]
[BlackElo "1853"]
[PlyCount "41"]
[EventDate "2011.11.07"]
[EventType "swiss"]
[EventRounds "9"]
[EventCountry "LTU"]
[SourceTitle "EXT 2013"]
[Source "ChessBase"]
[SourceDate "2012.11.22"]
[SourceVersion "1"]
[SourceVersionDate "2012.11.22"]
[SourceQuality "1"]

1. d4 d5 2. Nf3 Nc6 3. c4 Bf5 4. Nc3 e6 5. cxd5 exd5 6. Qb3 Bb4 7. Bd2 Bxc3 8. Bxc3 b6 9. e3 Nge7 10. Be2 0-0 11. 0-0 Ng6 12. Bb5 Qd6 13. Rac1 Nge7 14. Ne5 Rfe8 15. Bd2 Bd7 16. Nxd7 Qxd7 17. Qc2 Qd6 18. Bxc6 Nxc6 19. Qxc6 Qe7 20. Qxc7 Qe6 21. Rc6 1-0

[Event "Panevezys op-B 24th"]
[Site "Panevezys"]
[Date "2011.08.15"]
[Round "9"]
[White "Strigunas, Rytis"]
[Black "Klepeckaite, Radvile"]
[Result "1-0"]
[WhiteElo "1560"]
[BlackElo "1573"]
[PlyCount "73"]
[EventDate "2011.08.09"]
[EventType "swiss"]
[EventRounds "9"]
[EventCountry "LTU"]
[SourceTitle "CBM 144 Extra"]
[Source "ChessBase"]
[SourceDate "2011.10.28"]
[SourceVersion "1"]
[SourceVersionDate "2011.10.28"]
[SourceQuality "1"]

1. d4 d5 2. Nf3 Nf6 3. c4 c6 4. Nc3 e6 5. e3 Nbd7 6. Qc2 dxc4 7. Bxc4 b5 8. Bd3 a6 9. Bd2 c5 10. b3 cxd4 11. Nxd4 Bb7 12. f3 Rc8 13. Qd1 Bd6 14. 0-0 0-0 15. Rc1 Nc5 16. Bb1 Be5 17. Nce2 Qb6 18. b4 Na4 19. Kh1 Nb2 20. Qb3 Nc4 21. Be1 Bd5 22. Qd3 Nb2 23. Qd2 Rxc1 24. Qxc1 Nc4 25. Bf2 Qd6 26. e4 Bb7 27. f4 Bxd4 28. Bxd4 Nxe4 29. Bxe4 Bxe4 30. Bc5 Qc6 31. Nd4 Bxg2+ 32. Kg1 Qa8 33. Rf2 Bd5 34. f5 e5 35. f6 exd4 36. Qg5 g6 37. Qh6 1-0